Animes par images de personnages #2 - Statistiques

Statistiques générales
  • Ce quiz a été pris 19 720 fois
  • Le résultat moyen est 14 sur 20
Statistiques - réponses
Par images Réponse % Correct
Naruto
96%
One Piece
96%
One Punch Man
94%
Death Note
90%
Hunter x Hunter
88%
My Hero Academia
88%
Détective Conan
81%
Tokyo Ghoul
81%
Yu-Gi-Oh!
77%
JoJo's Bizarre Adventure
76%
Fullmetal Alchemist
71%
Seven Deadly Sins
71%
Inazuma Eleven
69%
Black Clover
61%
Evangelion
49%
Tom Sawyer
48%
Goldorak
44%
Capitaine Flam
33%
Jeanne et Serge
24%
Signé Cat's Eyes
22%
Aucun quiz correspondant
Distribution des résultats
% des personnes avec chaque résultat
Percentile par nombre de réponses
Votre historique - résultats
Vous n’avez pas pris ce quiz